Regulación y crisis del capitalismo (Registro nro. 4096)

Detalles MARC
000 -LEADER
fixed length control field 01324 a2200253 4500
001 - CONTROL NUMBER
control field 45967
005 - DATE AND TIME OF LATEST TRANSACTION
control field 20260407155732.0
008 - FIXED-LENGTH DATA ELEMENTS--GENERAL INFORMATION
fixed length control field 260407a1986 arg spa d
003 - CONTROL NUMBER IDENTIFIER
control field AR-UNSa-BCEJYS
040 ## - CATALOGING SOURCE
Original cataloging agency AR-UNSa-BCEJYS
Language of cataloging spa
Transcribing agency AR-UNSa-BCEJYS
080 ## - UNIVERSAL DECIMAL CLASSIFICATION NUMBER
Universal Decimal Classification number 330.342.14
Common auxiliary subdivision Economía capitalista
020 ## - INTERNATIONAL STANDARD BOOK NUMBER
International Standard Book Number 978-968-23-0486-6
041 ## - LANGUAGE CODE
Language code of text/sound track or separate title spa
100 1# - MAIN ENTRY--PERSONAL NAME
Personal name Aglietta, Michel
245 10 - TITLE STATEMENT
Title Regulación y crisis del capitalismo
Name of part/section of a work la experiencia de los Estados Unidos
250 ## - EDITION STATEMENT
Edition statement 3a. ed.
264 #1 - PRODUCTION, PUBLICATION, DISTRIBUTION, MANUFACTURE, AND COPYRIGHT NOTICE
Place of production, publication, distribution, manufacture México :
Name of producer, publisher, distributor, manufacturer Siglo Veintiuno editores
Date of production, publication, distribution, manufacture, or copyright notice 1986
300 ## - PHYSICAL DESCRIPTION
Extent 344 p.
Dimensions 22 cm.
505 ## - FORMATTED CONTENTS NOTE
Formatted contents note Primera Parte: Las transformaciones de la relación salarial. Las leyes de la acumulación del capital: 1. La producción del capital – 2. Las transformaciones del proceso de trabajo – 3. La transformación de las condiciones de existencia del trabajo asalariado - - Segunda Parte: Las transformaciones de las relaciones intercapitalistas. Las leyes de la competencia: 4. Concentración y centralización del capital – 5. Tasa general de beneficio y competencia de capitales – 6. Sistema monetario, crédito y crisis.
590 ## - LOCAL NOTE (RLIN)
Local note niveau_biblio:m niveau_hierar:0
700 1# - ADDED ENTRY--PERSONAL NAME
Personal name Bueno, Juan
856 41 - ELECTRONIC LOCATION AND ACCESS
Uniform Resource Identifier <a href="https://www.biblioeco.unsa.edu.ar/pmb/images/libros/L127258.jpg">https://www.biblioeco.unsa.edu.ar/pmb/images/libros/L127258.jpg</a>
Link text Imagen de portada
Electronic format type image/jpeg
942 ## - ADDED ENTRY ELEMENTS (KOHA)
Koha item type
Existencias
Withdrawn status Lost status Damaged status Not for loan Home library Current library Shelving location Date acquired Total checkouts Full call number Barcode Date last seen Price effective from Koha item type
        Biblioteca Prof. Eusebio Cleto del Rey Biblioteca Prof. Eusebio Cleto del Rey   07/04/2026   330.342.14 A269 3ed. L127258 07/04/2026 07/04/2026 Libro